000 00474nam a2200157Ia 4500
008 240729s9999 xx 000 0 und d
022 _a2093-8152
245 0 _aJournal of Acupuncture & Meridian Studies
260 _aKorea, Republic of
260 _bMedical Association of Pharmacopuncture Institute
650 _a Other systems of medicine
650 _aMedicine
856 _uhttps://doaj.org/toc/4a62073b1863438a981322cf5ab92ea0
942 _2ddc
942 _cDOAJEJ
999 _c71117
_d71117
945 _a1
_bMadushi Gamage
_c1
_dMadushi Gamage